000 01203nam a2200217Ia 4500
003 Ost
005 20260416102357.0
008 260416s9999||||xx |||||||||||||| ||und||
040 _cfsecg
041 _aara
082 _a338.5
100 _aخلوط، فوزية
_eمؤلف
245 0 _a الاقتصاد الجزئي 2 :
_bدروس و تمارين محلولة موجهة لطلبة السنة اولى ل م د /
_c فوزية خلوط
260 _aالجزائر
_bجامعة الجزائر3: كلية العلوم الإقتصادية، العلوم التجارية وعلوم التسيير
_c2021
300 _a166 ورقة
_bايضاحات
_c30 سم
504 _aمراجع ص.166
520 _aتحليل سلوك المنتج، نظرية التكاليف، الايرادات و الارباح، هياكل السوق
653 _aالاقتصاد الجزئي
710 _aجامعة الجزائر3: كلية العلوم الإقتصادية، العلوم التجارية وعلوم التسيير
_eناشر علمي
942 _cHANDOUT
999 _c41269
_d41269